The flying chinese wonders / (Record no. 6037)

MARC details
000 -LEADER
fixed length control field 01352cam a2200373 a 4500
001 - CONTROL NUMBER
control field 6037
003 - CONTROL NUMBER IDENTIFIER
control field FISKH
005 - DATE AND TIME OF LATEST TRANSACTION
control field 20250303115344.0
008 - FIXED-LENGTH DATA ELEMENTS--GENERAL INFORMATION
fixed length control field 100621s2011 nyua b 000 1 eng
010 ## - LIBRARY OF CONGRESS CONTROL NUMBER
LC control number 2010022977
020 ## - INTERNATIONAL STANDARD BOOK NUMBER
International Standard Book Number 9780061430039 (trade bdg.)
020 ## - INTERNATIONAL STANDARD BOOK NUMBER
International Standard Book Number 9780061430022 (pbk. bdg.)
020 ## - INTERNATIONAL STANDARD BOOK NUMBER
International Standard Book Number 9780545402767
040 ## - CATALOGING SOURCE
Original cataloging agency DLC
Transcribing agency DLC
Modifying agency DLC
Language of cataloging eng
050 ## - LIBRARY OF CONGRESS CALL NUMBER
Classification number PZ7.G84568 F
082 ## - DEWEY DECIMAL CLASSIFICATION NUMBER
Classification number 813.6
100 1# - MAIN ENTRY--PERSONAL NAME
Personal name Greenhut, Josh
245 14 - TITLE STATEMENT
Title The flying chinese wonders /
Statement of responsibility, etc. created by Jeff Brown ; written by Josh Greenhut ; pictures by Macky Pamintuan.
250 ## - EDITION STATEMENT
Edition statement This edition first published in 2011
260 ## - PUBLICATION, DISTRIBUTION, ETC.
Place of publication, distribution, etc. New York :
Name of publisher, distributor, etc. Scholastic,
Date of publication, distribution, etc. 2011.
300 ## - PHYSICAL DESCRIPTION
Extent 81 pages :
Other physical details illustrations ;
Dimensions 20 cm
490 0# - SERIES STATEMENT
Series statement Flat Stanley's worldwide adventures ;
Volume/sequential designation bk. #7
505 ## - FORMATTED CONTENTS NOTE
Formatted contents note R<br/>
520 ## - SUMMARY, ETC.
Summary, etc. When he inadvertently injures a Chinese acrobat performing at his school auditorium, Stanley travels with the brother and sister duo to Beijing where he trains to perform for the president of China.
521 ## - TARGET AUDIENCE NOTE
Target audience note 670<br/>
Source Lexile<br/>
521 ## - TARGET AUDIENCE NOTE
Target audience note R<br/>
Source Raz-Plus<br/>
650 #1 - SUBJECT ADDED ENTRY--TOPICAL TERM
Topical term or geographic name entry element Acrobatics
Form subdivision Fiction.
650 #1 - SUBJECT ADDED ENTRY--TOPICAL TERM
Topical term or geographic name entry element Adventure and adventurers
Form subdivision Fiction.
700 1# - ADDED ENTRY--PERSONAL NAME
Personal name Brown, Jeff,
Dates associated with a name (1926-2003)
700 1# - ADDED ENTRY--PERSONAL NAME
Personal name Pamintuan, Macky
Dates associated with a name illustrator
906 ## - LOCAL DATA ELEMENT F, LDF (RLIN)
a 7
b cbc
c orignew
d 1
e ecip
f 20
g y-gencatlg
942 ## - ADDED ENTRY ELEMENTS (KOHA)
Source of classification or shelving scheme Dewey Decimal Classification
Koha item type Books
Suppress in OPAC No
Holdings
Withdrawn status Lost status Source of classification or shelving scheme Damaged status Not for loan Collection Home library Current library Shelving location Date acquired Total Checkouts Full call number Barcode Date last seen Copy number Price effective from Koha item type
    Dewey Decimal Classification     Juvenile Fiction Footprints International School Library Network Toul Kork Campus Footprints International School Library Network Toul Kork Campus TTP Primary Orange Bookshelves 02/26/2025   BRO 813.6 PZ7.G84568 F 2025-0686 02/26/2025 1 02/26/2025 Books